Discontinued North American Team Names - Statistics

General Stats
  • This quiz has been taken 17,861 times
    11,428 since last reset
  • The average score is 6 of 13
Answer Stats
League Last Year Team % Correct
NFL 2019 Redskins
84%
MLB 2021 Indians
72%
NBA 2008 SuperSonics
61%
NFL 1998 Oilers
54%
MLB 2004 Expos
46%
NBA 2014 Bobcats
44%
NBA 1997 Bullets
37%
MLB 2007 Devil Rays
34%
NHL 2011 Thrashers
33%
NHL 1997 Whalers
32%
NHL 1995 Nordiques
28%
NHL 1993 North Stars
26%
NHL 2006 Mighty Ducks
24%
No matching quizzes found
Score Distribution
Percent of People with Each Score
Percentile by Number Answered
Your Score History
You have not taken this quiz since the last reset